| 000 | 00494nam a2200193Ia 4500 | ||
|---|---|---|---|
| 001 | 20152 | ||
| 003 | IN-NITTTR | ||
| 005 | 20251114233231.0 | ||
| 008 | 251113s9999||||xx |||||||||||||| ||eng|| | ||
| 040 | _beng | ||
| 040 | _cIN-NITTTR | ||
| 041 | _aeng | ||
| 082 | _a668.9 M123P | ||
| 100 | _aMcCrum, N. G. | ||
| 245 | 0 |
_aPrinciples of polymer engineering. / _cMcCrum, N. G., Buckley, C. P., Bucknall, C. B. |
|
| 700 | _a Buckley, C. P. | ||
| 700 | _a Bucknall, C. B. | ||
| 942 |
_2ddc _cBK |
||
| 999 |
_c22786 _d22786 |
||